Central Library OPAC University of Rajshahi

الرؤية الإسلامية لإعلام الطفل =Islamic Perception of Child-Oriented Information (Record no. 78168)

MARC details
000 -LEADER
fixed length control field 00826nam a2200205 a 4500
001 - CONTROL NUMBER
control field 78168
003 - CONTROL NUMBER IDENTIFIER
rucl marc code BD-RjUL
005 - DATE AND TIME OF LATEST TRANSACTION
control field 20211209083109.0
008 - FIXED-LENGTH DATA ELEMENTS--GENERAL INFORMATION
fixed length control field 210405s19971418mr ||||| |||| 00| 0 ara d
035 ## - SYSTEM CONTROL NUMBER
System control number (BD-RjUL)78394
040 ## - CATALOGING SOURCE
Original cataloging agency BD-RjUL
Language of cataloging eng
Transcribing agency BD-RjUL
041 ## - LANGUAGE CODE
Language code of text/sound track or separate title ara
082 ## - DEWEY DECIMAL CLASSIFICATION NUMBER
Edition number 23
Classification number 302.230297
Author mark and year ABI 1997
100 1# - MAIN ENTRY--PERSONAL NAME
Personal name عبد الحليم , محي الدين=Abdul Halim Mohiuddin
9 (RLIN) 246768
245 10 - TITLE STATEMENT
Title الرؤية الإسلامية لإعلام الطفل =Islamic Perception of Child-Oriented Information
Statement of responsibility, etc. محي الدين عبدالحليم = ; Muhyi al-Din 'Abd al-Halim; ISESCO (Organization)
260 ## - PUBLICATION, DISTRIBUTION, ETC. (IMPRINT)
Place of publication, distribution, etc. al-Rabat, Morocco :
Name of publisher, distributor, etc. Munazzamah al-Islamiyah lil-Tarbiyah wa-al-'Ulum wa-al-Thaqafah,
Date of publication, distribution, etc. 1997
300 ## - PHYSICAL DESCRIPTION
Pagination 115 p. ;
Size 23 cm
650 ## - SUBJECT ADDED ENTRY--TOPICAL TERM
Topical term or geographic name as entry element Mass Cmmunication
Form subdivision Islam
9 (RLIN) 246769
942 ## - ADDED ENTRY ELEMENTS (KOHA)
Source of classification or shelving scheme Dewey Decimal Classification
Koha item type Books
Holdings
Lost status Source of classification or shelving scheme Damaged status Not for loan Collection code Permanent Location Current Location Shelving location Date acquired Source of acquisition Total Checkouts Full call number Date last seen Copy number Koha item type
  Dewey Decimal Classification   Not For Loan Non-fiction Central Library, University of Rajshahi Central Library, University of Rajshahi Reading Room 30/07/1998 author   A 302.230297 ABI 1997 05/04/2021 C-1 Books